| 000 | 00728nam a22002057a 4500 | ||
|---|---|---|---|
| 003 | OSt | ||
| 005 | 20231101172540.0 | ||
| 008 | 221006b |||||||| |||| 00| 0 eng d | ||
| 040 | _cBiblioteca Lado V | ||
| 082 |
_a708 _bI59o |
||
| 110 |
_91200 _aInstituto Nacional de Bellas Artes |
||
| 245 |
_aObras Recientes de / _bAbelardo Favela, Acrílicos/ |
||
| 260 |
_c1980 _aMexico _bPalacio de Bellas Artes |
||
| 300 |
_c19.5 x 23 cm _a4p. |
||
| 650 |
_2Tesauro de Arte & Arquitectura _aARTE |
||
| 650 |
_2Tesauro de Arte & Arquitectura _aCOLECCION _9703 |
||
| 650 |
_2Tesauro de Arte & Arquitectura _aEXHIBICIÓN |
||
| 650 |
_2Tesauro de Arte & Arquitectura _aOBRAS RECIENTES |
||
| 942 |
_2ddc _c1 _h708 _iI59o _n0 |
||
| 999 |
_c4544 _d4544 |
||